| 000 | 00700nam a2200241Ia 4500 | ||
|---|---|---|---|
| 003 | OSt | ||
| 005 | 20220926033923.0 | ||
| 006 | a|||||r|||| 00| 0 | ||
| 007 | ta | ||
| 008 | 220923b |||||||| |||| 00| 0 eng d | ||
| 037 | _cGeneral Book | ||
| 040 |
_aRTL _cRTL _beng |
||
| 041 |
_2eng _aeng |
||
| 082 | _aX:91, M3 | ||
| 100 |
_aUlsohak Francis L. _9339751 |
||
| 245 | 0 |
_aHuman resource development _b The theory and practi |
|
| 260 |
_aVirgina _bReston Publishers _c1983 |
||
| 300 |
_axxv, 290p. _ccm. |
||
| 490 | _aPersonnel Management Procedure | ||
| 650 |
_aJob Evaluation _9241457 |
||
| 942 |
_hX:91, M3 _cGB _2CC |
||
| 999 |
_c658309 _d658309 |
||